Statistiques concernant Pays les plus proches de la Tunisie - une minute sprint

Cliquez ici pour prendre le quiz!

Statistiques générales

  • Ce quiz a été pris 270 fois
  • Le résultat moyen est 11 sur 20

Statistiques - réponses

kmpays% Correct
0Algérie
100%
0Libye
97%
807Maroc
96%
71Italie
92%
450France
90%
498Espagne
82%
288Malte
64%
787Grèce
61%
786Niger
53%
700Monaco
45%
554Vatican
43%
805Albanie
39%
702Saint-Marin
39%
921Suisse
39%
871Croatie
37%
856Andorre
34%
874Monténégro
28%
957Slovénie
28%
870Bosnie-Herzégovine
27%
937Macédoine
22%

Distribution des résultats

Percentile par nombre de réponses

% des personnes avec chaque résultat

Votre développement - résultats

Vous n’avez pas pris ce quiz